| 000 | 01178nam a22002297a 4500 | ||
|---|---|---|---|
| 999 |
_c62975 _d62975 |
||
| 003 | Ge_BSU | ||
| 005 | 20250422150855.0 | ||
| 008 | 250422s1995 ge ||||| |||| 00| 0 geo d | ||
| 041 | _ageo | ||
| 080 | _a577.1(075.8) ა-48 | ||
| 100 |
_aალექსიძე, ნ. _91094 |
||
| 245 |
_aზოგადი ბიოქიმიის საფუძვლები / _cნ. ალექსიძე; რედ.: დ. უგრეხელიძე, გ. ტყემალაძე; გორის ეკონომიკურ -ჰუმანიტარული ინსტიტუტი. |
||
| 250 | _aმეორე გამოცემა | ||
| 264 |
_aთბ. : _c 1995. |
||
| 300 |
_a442 გვ. ; _b20 სმ. |
||
| 504 | _aბიბლიოგრ.: გვ. 433. | ||
| 600 |
_aბიოქიმია. _924877 |
||
| 700 |
_aუგრეხელიძე, დ. _eრედაქტორი _924746 |
||
| 700 |
_aტყემალაძე, გ. _eრედაქტორი _924878 |
||
| 710 |
_aგორის ეკონომიკურ -ჰუმანიტარული ინსტიტუტი _924879 |
||
| 942 |
_2udc _cᲬᲘᲒᲜᲘ |
||